Seeing and knowing (Record no. 6879)

MARC details
000 -CABECERA
campo de control de longitud fija 00555nam a2200205 a 4500
001 - NÚMERO DE CONTROL
campo de control BRCA_7198
005 - FECHA Y HORA DE LA ÚLTIMA TRANSACCIÓN
campo de control 20190320205740.0
008 - DATOS DE LONGITUD FIJA--INFORMACIÓN GENERAL
campo de control de longitud fija 160112s1953----nyua######---#000-0#eng-#
041 ## - CÓDIGO DE LENGUA
Código de lengua del texto/banda sonora o título independiente eng
044 ## - CÓDIGO DEL PAÍS DE LA ENTIDAD EDITORA/PRODUCTORA
Código MARC del país nyu
050 #4 - SIGNATURA TOPOGRÁFICA DE LA BIBLIOTECA DEL CONGRESO
Número de clasificación N7445.2
Número de documento/Ítem .B47 1953
100 1# - ENTRADA PRINCIPAL--NOMBRE DE PERSONA
Nombre de persona Berenson, Bernard
Fechas asociadas al nombre 1865-1959
9 (RLIN) 17837
245 10 - MENCIÓN DE TÍTULO
Título Seeing and knowing
Mención de responsabilidad, etc. Bernard Berenson.
260 ## - PUBLICACIÓN, DISTRIBUCIÓN, ETC.
Lugar de publicación, distribución, etc. Nueva York
Nombre del editor, distribuidor, etc. Macmillan
Fecha de publicación, distribución, etc. 1953
300 ## - DESCRIPCIÓN FÍSICA
Extensión 48 p.
Otras características físicas il., 88 láminas
Dimensiones 21 cm.
500 ## - NOTA GENERAL
Nota general P92
650 14 - PUNTO DE ACCESO ADICIONAL DE MATERIA--TÉRMINO DE MATERIA
Término de materia o nombre geográfico como elemento de entrada Arte
Subdivisión de forma Discursos, ensayos, conferencias
9 (RLIN) 17838
902 ## - CATALOGADOR
Iniciales GFM
942 ## - ELEMENTOS DE PUNTO DE ACCESO ADICIONAL (KOHA)
Fuente del sistema de clasificación o colocación Library of Congress Classification
Tipo de ítem Koha Libros
Holdings
Estado de retiro Estado de pérdida Estado dañado No para préstamo Localización permanente Ubicación/localización actual Fecha de adquisición Número de inventario Total de préstamos Signatura topográfica completa Código de barras Fecha visto por última vez Precio válido a partir de Tipo de ítem Koha
El ejemplar forma parte de la colección y puede ser consultado según las políticas vigentes.       Biblioteca del Museo Franz Mayer (Rogerio Casas-Alatriste) Biblioteca del Museo Franz Mayer (Rogerio Casas-Alatriste) 16/01/2012 P92   N7445.2 .B47 1953 (P92) 7652 22/03/2019 22/03/2019 Libros